[Event "GRE-chT 43rd"]
[Site "Porto Rio"]
[Date "2015.10.12"]
[Round "7.3"]
[White "Halkias, Stelios"]
[Black "Darmarakis, Mihail"]
[Result "1-0"]
[WhiteElo "2534"]
[BlackElo "2227"]
[PlyCount "49"]
[EventDate "2015.10.08"]
[EventType "team-swiss"]
[EventRounds "7"]
[EventCountry "GRE"]
[SourceTitle "CBM 168 Extra"]
[Source "ChessBase"]
[SourceDate "2015.10.29"]
[SourceVersion "1"]
[SourceVersionDate "2015.10.29"]
[SourceQuality "1"]
[WhiteTeam "Nice Fysiolatris"]
[BlackTeam "Chania Kaissa"]
[WhiteTeamCountry "GRE"]
[BlackTeamCountry "GRE"]

1. c4 c5 2. Nf3 Nc6 3. Nc3 e6 4. g3 b6 5. Bg2 Bb7 6. 0-0 Nf6 7. b3 Be7 8. Bb2 0-0 9. e3 Rc8 10. d4 d5 11. cxd5 exd5 12. Rc1 Qd7 13. Ne5 Qe6 14. Ne2 Rfd8 15. Nf4 Qd6 16. Nfd3 Ba6 17. Re1 Nb4 18. dxc5 bxc5 19. Nxb4 cxb4 20. Qd4 Rc5 21. Rxc5 Qxc5 22. Qxc5 Bxc5 23. Rc1 Ne4 24. Nc6 Rd7 25. Nb8 1-0

[Event "GRE-ch 58th"]
[Site "Rhodes"]
[Date "2008.12.04"]
[Round "5"]
[White "Darmarakis, Mihail"]
[Black "Nikolaidis, Ioannis"]
[Result "0-1"]
[WhiteElo "2194"]
[BlackElo "2529"]
[PlyCount "68"]
[EventDate "2008.11.30"]
[EventType "tourn"]
[EventRounds "11"]
[EventCountry "GRE"]
[EventCategory "8"]
[SourceTitle "CBM 127 Extra"]
[Source "ChessBase"]
[SourceDate "2009.01.08"]
[SourceVersion "2"]
[SourceVersionDate "2009.01.28"]
[SourceQuality "1"]

1. e4 c6 2. d4 d5 3. e5 Bf5 4. g4 Bd7 5. Be3 f6 6. f4 Nh6 7. h3 fxe5 8. fxe5 e6 9. Nf3 Qb6 10. Nbd2 c5 11. Bg2 Nc6 12. 0-0 Nxd4 13. Nxd4 cxd4 14. Bf2 Bc5 15. Nb3 Bb5 16. Re1 0-0 17. Bxd4 Bxd4+ 18. Qxd4 Qc7 19. Qe3 Nf7 20. Nd4 Bd7 21. Rad1 Nh8 22. Nf3 Qxc2 23. Rc1 Qxb2 24. Rc7 Bc6 25. Nd4 Rf7 26. Nxe6 Re8 27. Qxa7 d4 28. Rxc6 Qf2+ 29. Kh2 bxc6 30. Qa5 Rxe6 31. Rf1 Qxf1 32. Bxf1 Rxf1 33. Qd8+ Rf8 34. Qxd4 Nf7 0-1

[Event "GRE-ch 58th"]
[Site "Rhodes"]
[Date "2008.12.02"]
[Round "3"]
[White "Darmarakis, Mihail"]
[Black "Kotronias, Vasilios"]
[Result "1/2-1/2"]
[WhiteElo "2194"]
[BlackElo "2587"]
[PlyCount "81"]
[EventDate "2008.11.30"]
[EventType "tourn"]
[EventRounds "11"]
[EventCountry "GRE"]
[EventCategory "8"]
[SourceTitle "CBM 127 Extra"]
[Source "ChessBase"]
[SourceDate "2009.01.08"]
[SourceVersion "2"]
[SourceVersionDate "2009.01.28"]
[SourceQuality "1"]

1. e4 c5 2. Nf3 Nc6 3. Nc3 Nf6 4. Bb5 g6 5. h3 Nd4 6. 0-0 Nxb5 7. Nxb5 d6 8. d3 Bg7 9. c4 0-0 10. Be3 a6 11. Nc3 b5 12. cxb5 axb5 13. Nxb5 Rb8 14. Nc3 Rxb2 15. Qc1 Rb8 16. Bh6 Ba6 17. Bxg7 Kxg7 18. Qc2 e5 19. Nd2 d5 20. exd5 Nxd5 21. Nxd5 Qxd5 22. Rfc1 Rbc8 23. Nc4 Rc6 24. Rab1 Rd8 25. Rb3 Qe6 26. Qb2 Rd4 27. Rbc3 Qe7 28. Na5 Rc8 29. Nb3 Rd5 30. Qc2 Qg5 31. Nxc5 Bxd3 32. Nxd3 Rxc3 33. Qxc3 Rxd3 34. Qxd3 Qxc1+ 35. Kh2 Qb2 36. Qd5 f6 37. f3 Qc1 38. Qe4 Qc7 39. Kh1 Qc1+ 40. Kh2 Qc7 41. Kh1 1/2-1/2

[Event "GRE-chT 34th"]
[Site "Ermioni Argolidas"]
[Date "2005.07.11"]
[Round "9"]
[White "Ilandzis, Spyridon"]
[Black "Darmarakis, Mihail"]
[Result "1-0"]
[WhiteElo "2225"]
[BlackElo "2174"]
[PlyCount "71"]
[EventDate "2005.07.04"]
[EventType "team"]
[EventRounds "9"]
[EventCountry "GRE"]
[SourceTitle "CBM 107 Extra"]
[Source "ChessBase"]
[SourceDate "2005.09.01"]
[SourceVersion "1"]
[SourceVersionDate "2005.09.01"]
[SourceQuality "1"]

1. e4 c5 2. Nf3 e6 3. d4 cxd4 4. Nxd4 Nf6 5. Nc3 d6 6. Be3 a6 7. g4 h6 8. Bg2 Nc6 9. Nxc6 bxc6 10. Qe2 Qc7 11. h3 Rb8 12. 0-0-0 Be7 13. f4 d5 14. exd5 cxd5 15. Rhf1 Bd7 16. Bd4 Qb7 17. b3 0-0 18. h4 Bb5 19. Nxb5 Qxb5 20. Rd3 Nd7 21. g5 Nc5 22. Bxc5 Qxc5 23. Kb1 Rbc8 24. f5 exf5 25. Rxf5 Qg1+ 26. Rf1 Qh2 27. gxh6 g6 28. Rh1 Qc7 29. Bxd5 Kh7 30. h5 Bf6 31. Rf1 Rce8 32. Qf3 Bh8 33. Bxf7 Re1+ 34. Rxe1 Rxf7 35. hxg6+ Kxg6 36. Qe4+ 1-0

[Event "GRE-chT 34th"]
[Site "Ermioni Argolidas"]
[Date "2005.07.09"]
[Round "7"]
[White "Karagiannis, Athanasios"]
[Black "Darmarakis, Mihail"]
[Result "1-0"]
[WhiteElo "2387"]
[BlackElo "2174"]
[PlyCount "73"]
[EventDate "2005.07.04"]
[EventType "team"]
[EventRounds "9"]
[EventCountry "GRE"]
[SourceTitle "CBM 107 Extra"]
[Source "ChessBase"]
[SourceDate "2005.09.01"]
[SourceVersion "1"]
[SourceVersionDate "2005.09.01"]
[SourceQuality "1"]

1. d4 Nf6 2. Bg5 e6 3. e4 c5 4. e5 h6 5. Bc1 Nh7 6. d5 exd5 7. Qxd5 Be7 8. Nc3 Nc6 9. Be3 0-0 10. 0-0-0 Qa5 11. Bd3 Nb4 12. Bxh7+ Kxh7 13. Qe4+ g6 14. a3 d5 15. exd6 Bf6 16. axb4 cxb4 17. Nd5 Bxb2+ 18. Kxb2 Qa3+ 19. Kb1 b3 20. d7 Bxd7 21. Nf6+ Kh8 22. Nxd7 Rac8 23. Bc5 Qa2+ 24. Kc1 b2+ 25. Kd2 Rfd8 26. Bd4+ Kh7 27. Nf6+ Kh8 28. Nf3 Qa5+ 29. Ke3 Rc6 30. Qh4 Re6+ 31. Ne4+ Kg8 32. Qxh6 Rxd4 33. Rxd4 Qc3+ 34. Kf4 Qc7+ 35. Kg4 Qc8 36. Kh4 g5+ 37. Qxg5+ 1-0

[Event "GRE-chT 34th"]
[Site "Ermioni Argolidas"]
[Date "2005.07.05"]
[Round "2"]
[White "Halkias, Stelios"]
[Black "Darmarakis, Mihail"]
[Result "1-0"]
[WhiteElo "2548"]
[BlackElo "2174"]
[PlyCount "81"]
[EventDate "2005.07.04"]
[EventType "team"]
[EventRounds "9"]
[EventCountry "GRE"]
[SourceTitle "CBM 107 Extra"]
[Source "ChessBase"]
[SourceDate "2005.09.01"]
[SourceVersion "1"]
[SourceVersionDate "2005.09.01"]
[SourceQuality "1"]

1. d4 Nf6 2. Nf3 c5 3. d5 a6 4. c4 e6 5. a4 Bd6 6. Nc3 0-0 7. Bg5 Bc7 8. Nd2 d6 9. e3 Nbd7 10. Be2 h6 11. Bh4 Ne5 12. Nde4 g5 13. Nxf6+ Qxf6 14. Bg3 Ba5 15. 0-0 Bxc3 16. bxc3 Qe7 17. f4 Ng6 18. dxe6 gxf4 19. exf4 fxe6 20. Bd3 Rf6 21. Qh5 Qg7 22. Rab1 b5 23. Be4 Bb7 24. Bxb7 Qxb7 25. f5 exf5 26. Rxf5 Qe4 27. Rxf6 Qxb1+ 28. Rf1 Qd3 29. Rd1 Qe3+ 30. Kh1 Qg5 31. Qxg5 hxg5 32. cxb5 axb5 33. axb5 Rb8 34. c4 Ne5 35. Bxe5 dxe5 36. Rd5 Re8 37. Kg1 Kf7 38. Rxc5 Ke6 39. Kf2 Kf5 40. Ke3 Ra8 41. b6 1-0

[Event "GRE-chT 34th"]
[Site "Ermioni Argolidas"]
[Date "2005.07.04"]
[Round "1"]
[White "Darmarakis, Mihail"]
[Black "Kotrotsos, Vasilios"]
[Result "0-1"]
[WhiteElo "2174"]
[BlackElo "2356"]
[PlyCount "54"]
[EventDate "2005.07.04"]
[EventType "team"]
[EventRounds "9"]
[EventCountry "GRE"]
[SourceTitle "CBM 107 Extra"]
[Source "ChessBase"]
[SourceDate "2005.09.01"]
[SourceVersion "1"]
[SourceVersionDate "2005.09.01"]
[SourceQuality "1"]

1. e4 d6 2. d4 Nf6 3. Nc3 g6 4. Be2 Bg7 5. h4 c5 6. dxc5 Qa5 7. Bd2 Qxc5 8. h5 gxh5 9. Bxh5 Nc6 10. Be2 Be6 11. Nh3 Ne5 12. Bb5+ Kf8 13. Nf4 Bc4 14. Be3 Qb4 15. Bxc4 Nxc4 16. Nd3 Qa5 17. Bd2 Rc8 18. Rh4 h5 19. Kf1 Ng4 20. Nb1 Qa6 21. Kg1 Nxb2 22. Nxb2 Bxb2 23. Rxh5 Rxh5 24. Qxg4 Rcc5 25. e5 Rh8 26. Qd7 Bxa1 27. e6 Qe2 0-1

[Event "GRE-chT"]
[Site "Aghia Pelagia"]
[Date "2004.07.04"]
[Round "1.3"]
[White "Darmarakis, Mihail"]
[Black "Skalkotas, Nikolaos"]
[Result "0-1"]
[WhiteElo "2199"]
[BlackElo "2294"]
[PlyCount "54"]
[EventDate "2004.07.04"]
[EventType "team"]
[EventRounds "9"]
[EventCountry "GRE"]
[SourceTitle "CBM 101 Extra"]
[Source "ChessBase"]
[SourceDate "2004.09.01"]
[SourceVersion "2"]
[SourceVersionDate "2004.09.01"]
[SourceQuality "1"]
[WhiteTeam "09"]
[BlackTeam "10"]
[WhiteTeamCountry "GRE"]
[BlackTeamCountry "GRE"]

1. e4 c6 2. d3 d5 3. Nd2 g6 4. g3 Bg7 5. Bg2 a5 6. a4 dxe4 7. Nxe4 Nf6 8. Nxf6+ Bxf6 9. Nf3 0-0 10. 0-0 Bg4 11. h3 Be6 12. Re1 Bd5 13. h4 c5 14. Bg5 Nc6 15. c3 Bg7 16. Qe2 Re8 17. Ra3 Qd7 18. Rd1 Rad8 19. h5 Qf5 20. Be3 Qxh5 21. Rd2 Be6 22. Nh2 Qxe2 23. Rxe2 Rxd3 24. Bxc5 Rd1+ 25. Nf1 Bc4 26. Re4 Bd3 27. Rb3 Rxf1+ 0-1

[Event "Ikaros op"]
[Site "Ikaros"]
[Date "2003.07.14"]
[Round "3"]
[White "Svetushkin, Dmitry"]
[Black "Darmarakis, Mihail"]
[Result "1-0"]
[WhiteElo "2571"]
[BlackElo "2208"]
[PlyCount "71"]
[EventDate "2003.07.12"]
[EventType "swiss"]
[EventRounds "9"]
[EventCountry "GRE"]
[SourceTitle "CBM 095 Extra"]
[Source "ChessBase"]
[SourceDate "2003.09.04"]
[SourceVersion "1"]
[SourceVersionDate "2003.09.04"]
[SourceQuality "1"]

1. e4 c5 2. Nf3 d6 3. Bb5+ Bd7 4. Bxd7+ Qxd7 5. 0-0 Nc6 6. b3 Nf6 7. Qe2 e5 8. Bb2 Be7 9. c3 Qg4 10. Re1 Nh5 11. h3 Qg6 12. Nh2 Nf4 13. Qf3 0-0 14. d3 f5 15. Nd2 Bh4 16. Rf1 fxe4 17. dxe4 Nd8 18. Kh1 Nde6 19. g3 Nxh3 20. Qg2 Nxf2+ 21. Rxf2 Rxf2 22. Qxf2 Bxg3 23. Qe2 Nf4 24. Qg4 Qxg4 25. Nxg4 Nd3 26. Ba3 h5 27. Nf1 Bf4 28. Rd1 d5 29. Rxd3 dxe4 30. Rd5 hxg4 31. Bxc5 Kf7 32. Kg2 Rc8 33. c4 Kf6 34. a4 Rxc5 35. Rxc5 e3 36. Ng3 1-0

[Event "GRE-chT"]
[Site "Poros"]
[Date "1998.04.24"]
[Round "6"]
[White "Halkias, Alexandros"]
[Black "Darmarakis, Mihail"]
[Result "1/2-1/2"]
[WhiteElo "2035"]
[BlackElo "2145"]
[PlyCount "109"]
[EventDate "1998.??.??"]
[EventType "team"]
[EventRounds "9"]
[EventCountry "GRE"]
[SourceTitle "EXT 1999"]
[Source "ChessBase"]
[SourceDate "1998.11.16"]
[SourceVersion "1"]
[SourceVersionDate "1998.11.16"]
[SourceQuality "1"]

1. Nf3 Nf6 2. c4 g6 3. Nc3 Bg7 4. e4 d6 5. d4 0-0 6. Be2 e5 7. dxe5 dxe5 8. Qxd8 Rxd8 9. Nd5 Rd7 10. Nxe5 Nxd5 11. Nxd7 Nb4 12. Nxb8 Nc2+ 13. Kd1 Nxa1 14. Bf4 Rxb8 15. Bxc7 Ra8 16. Kc1 Be6 17. Rd1 b5 18. Kb1 bxc4 19. Kxa1 c3 20. bxc3 Bxc3+ 21. Kb1 Kg7 22. Rd8 Rxd8 23. Bxd8 f5 24. f3 Be5 25. h3 fxe4 26. fxe4 h6 27. a4 Bb3 28. a5 Kf7 29. a6 Bd4 30. Bc7 h5 31. Kc1 Ke6 32. Bb8 Ke7 33. Kd2 Ba4 34. Bd3 Bc6 35. Ke2 Kf6 36. h4 Ba4 37. Kf3 Bd1+ 38. Kf4 Bg4 39. Bc4 Bd7 40. Bd6 Kg7 41. e5 Bf5 42. g3 Bb6 43. Be7 Bd4 44. Bg5 Bb2 45. Be7 Bd4 46. Bd8 Bc5 47. Bf6+ Kf8 48. e6 Bd6+ 49. Kg5 Be7 50. Bd5 Bc2 51. Bb7 Bf5 52. Bc8 Bd3 53. Bxe7+ Kxe7 54. Kf4 Kd6 55. Kg5 1/2-1/2